| 000 | 00000nam##2200000za#4500 |
| 001 | 9.694858 |
| 003 | CaOODSP |
| 005 | 20210624234318 |
| 007 | cr ||||||||||| |
| 008 | 150407|2009||||xxc|||||o f|0| 0 eng|d |
| 040 | |aCaOODSP|beng |
| 043 | |an-cn--- |
| 086 | 1 |aBT22-122/2009E-PDF |
| 110 | 1 |aCanada. |bTreasury Board. |
| 245 | 10|aTreasury Board of Canada Secretariat, five-year evaluation of the MAF - final report |h[electronic resource] |
| 246 | 1 |aTBS five-year evaluation of the MAF |
| 260 | |aOttawa - Ontario : |bTreasury Board of Canada Secretariat |c[2009]. |
| 300 | |a75p.|bfigs. (some coloured), tables |
| 500 | |a"In November 2008, the Treasury Board Secretariat (TBS) commissioned PricewaterhouseCoopers LLP and Interis Consulting Inc. to conduct a five-year evaluation of the Management Accountability Framework (MAF), TBS' performance management framework."--Page 2 of 75, Executive summary. |
| 590 | |a11-13-Supp|b2011-08-04 |
| 775 | 08|tSecrétariat du Conseil du Trésor, évaluation quinquennale du CRG - rapport final |w(CaOODSP)9.639027 |
| 856 | 40|ahttp://publications.gc.ca|qPDF|s624 KB|uhttps://publications.gc.ca/collections/collection_2011/sct-tbs/BT22-122-2009-eng.pdf |